Culture and the ad : exploring otherness in the world of advertising

Αποθηκεύτηκε σε:
Λεπτομέρειες βιβλιογραφικής εγγραφής
Κύριος συγγραφέας: O'Barr, William M.
Μορφή: Βιβλίο
Γλώσσα:English
Δημοσίευση: Boulder : Westview, 1994
Σειρά:Institutional structures of feeling
Θέματα:
Ετικέτες: Προσθήκη ετικέτας
Δεν υπάρχουν, Καταχωρήστε ετικέτα πρώτοι!

MARC

LEADER 00000nam a2200000 i 4500
001 1/3424
008 960322s1994 eng d
020 |a 0-8133-2197-2 
035 |l 10015214 
040 |a GR-MY-UA  |b gre  |e aacr 
041 0 |a eng 
082 0 |a 659.1042 
100 1 |a O'Barr, William M. 
245 1 0 |a Culture and the ad :  |b exploring otherness in the world of advertising /  |c William M. O'Barr 
260 |a Boulder :   |b Westview,   |c 1994 
300 |a 212 p.  |b ill. 
490 1 |a Institutional structures of felling 
504 |a Includes bibliographical references and index 
650 0 0 |a Advertising  |x Social aspects  |z United States  |x History. 
650 0 0 |a Minorities in advertising  |z United States  |x History. 
650 0 0 |a Mass media and race relations  |z United States  |x History. 
830 0 |a Institutional structures of feeling 
852 |a INST  |b LESVOS  |e 19960322  |h 659.1042 OBA  |p 005100006785  |q 005100006785  |t BK  |y 0 
909 |a Λ  |b 044094